00610nam a2200181 a 450000100100000000500170001000800410002702000180006804000250008608200150011110000270012624500980015326000370025130000280028850000470031650400280036370000370039100004698120201002053248.0180410s2016 dr a 000 0 spa d a9789945123647 aDO-SdBNPbspacBNPHU axxxxbxxxx1 aGarcía V., Alejandro10aEducación física 6 :bprimaria /cAlejandro García V., José Rafael Beras Rodríguez. aSanto Domingo :bSusaeta,c2016. a125 p. :bil. ;c29 cm. aEnfoque por competencias nuevo currículo aBibliografía : p. 1051 aBeras Rodríguez, José Rafael